[Event "WCO2014"]
[Site "Tromso"]
[Date "2014.08.12"]
[Round "10.4"]
[WhiteID "11101261"]
[White "Nurse Lydia"]
[BlackID "11000660"]
[Black "Zengeni Paidaishe"]
[Result "0-1"]
[LiveChessVersion "1.4.3"]
[BlackElo "1678"]
[WhiteElo "1364"]

1. d4 {[%clk 1:30:48]} Nf6 {[%clk 1:30:54]} 2. Bg5 {[%clk 1:31:11]} g6
{[%clk 1:30:24]} 3. Nf3 {[%clk 1:31:27]} Bg7 {[%clk 1:30:46]} 4. e3
{[%clk 1:31:41]} O-O {[%clk 1:31:05]} 5. Bd3 {[%clk 1:31:59]} Nc6
{[%clk 1:31:01]} 6. c3 {[%clk 1:31:55]} d6 {[%clk 1:31:16]} 7. O-O
{[%clk 1:31:41]} e5 {[%clk 1:31:00]} 8. e4 {[%clk 1:31:19]} Bg4 {[%clk 1:29:19]}
9. Nbd2 {[%clk 1:30:20]} exd4 {[%clk 1:28:48]} 10. Qc2 {[%clk 1:28:51]} dxc3
{[%clk 1:28:24]} 11. Qxc3 {[%clk 1:27:59]} h6 {[%clk 1:24:58]} 12. Bh4
{[%clk 1:27:27]} g5 {[%clk 1:24:25]} 13. Bg3 {[%clk 1:26:06]} Nxe4
{[%clk 1:23:45]} 14. Qc1 {[%clk 1:19:44]} Nxg3 {[%clk 1:21:02]} 15. fxg3
{[%clk 1:19:45]} Qd7 {[%clk 1:15:43]} 16. Kh1 {[%clk 0:36:29]} Rae8
{[%clk 1:14:55]} 17. a3 {[%clk 0:35:21]} Re7 {[%clk 1:06:20]} 18. Ne4
{[%clk 0:29:37]} Rfe8 {[%clk 1:01:29]} 19. Nfxg5 {[%clk 0:28:06]} hxg5
{[%clk 1:00:52]} 20. Nxg5 {[%clk 0:20:53]} f6 {[%clk 0:58:59]} 21. Nh7
{[%clk 0:19:34]} Ne5 {[%clk 0:46:00]} 22. Rxf6 {[%clk 0:13:04]} Nxd3
{[%clk 0:45:29]} 23. Qc4+ {[%clk 0:10:09]} Kxh7 {[%clk 0:44:09]} 24. Qxd3+
{[%clk 0:09:58]} Kh8 {[%clk 0:43:57]} 25. Rff1 {[%clk 0:09:01]} Be2
{[%clk 0:43:37]} 26. Rf8+ {[%clk 0:05:34]} Rxf8 {[%clk 0:42:14]} 27. Qd2
{[%clk 0:03:58]} Rf1+ {[%clk 0:42:22]} 28. Rxf1 Bxf1 {[%clk 0:42:44]} 29. h3
{[%clk 0:03:54]} Re2 {[%clk 0:42:34]} 30. Qd5 {[%clk 0:02:49]} Bxg2+
{[%clk 0:42:48]} 31. Qxg2 {[%clk 0:03:09]} Rxg2 {[%clk 0:43:07]} 32. Kxg2
{[%clk 0:03:33]} Bxb2 {[%clk 0:42:31]} 33. g4 {[%clk 0:03:35]} d5
{[%clk 0:43:17]} 34. Kg3 {[%clk 0:02:12]} d4 {[%clk 0:43:37]} 35. h4
{[%clk 0:02:27]} d3 {[%clk 0:43:55]} 36. h5 {[%clk 0:02:49]} d2 {[%clk 0:44:17]}
37. Kh4 {[%clk 0:03:00]} d1=Q {[%clk 0:44:21]} 38. Kg5 {[%clk 0:02:15]} Q1xg4+
{[%clk 0:44:27]} 39. Kh6 {[%clk 0:02:28]} Bg7# {[%clk 0:44:33]} 0-1

[Event "WCO2014"]
[Site "Tromso"]
[Date "2014.08.12"]
[Round "10.24"]
[WhiteID "15900177"]
[White "Jacobs Annelaine"]
[BlackID "9800034"]
[Black "Figaro Dericka"]
[Result "1-0"]
[LiveChessVersion "1.4.3"]
[BlackElo "1710"]
[WhiteElo "1680"]

1. e4 {[%clk 1:30:57]} c5 {[%clk 1:30:56]} 2. Nf3 {[%clk 1:31:24]} d6
{[%clk 1:31:11]} 3. d4 {[%clk 1:31:47]} cxd4 {[%clk 1:31:32]} 4. Nxd4
{[%clk 1:32:12]} Nf6 {[%clk 1:30:41]} 5. Nc3 {[%clk 1:32:32]} a6 {[%clk 1:30:26]}
6. f3 {[%clk 1:31:15]} g6 {[%clk 1:24:26]} 7. Be3 {[%clk 1:31:16]} Bg7
{[%clk 1:24:34]} 8. Qd2 {[%clk 1:31:05]} O-O {[%clk 1:21:03]} 9. O-O-O
{[%clk 1:24:28]} Nc6 {[%clk 1:20:57]} 10. g4 {[%clk 1:20:47]} Be6
{[%clk 1:14:39]} 11. h4 {[%clk 1:06:52]} Nxd4 {[%clk 1:14:19]} 12. Bxd4
{[%clk 1:07:05]} b5 {[%clk 1:14:03]} 13. Kb1 {[%clk 0:59:31]} Qa5
{[%clk 0:55:26]} 14. Nd5 {[%clk 0:58:43]} Qxd2 {[%clk 0:52:40]} 15. Nxe7+
{[%clk 0:58:58]} Kh8 {[%clk 0:52:35]} 16. Rxd2 {[%clk 0:59:24]} Rfe8
{[%clk 0:49:49]} 17. Nc6 {[%clk 0:58:39]} d5 {[%clk 0:41:13]} 18. Bxf6
{[%clk 0:53:31]} Bxf6 {[%clk 0:41:21]} 19. e5 {[%clk 0:53:58]} Bg7
{[%clk 0:41:16]} 20. Re2 {[%clk 0:48:23]} Rac8 {[%clk 0:38:47]} 21. Nb4
{[%clk 0:45:08]} a5 {[%clk 0:39:12]} 22. Nd3 {[%clk 0:45:03]} Bd7
{[%clk 0:33:39]} 23. g5 {[%clk 0:26:15]} b4 {[%clk 0:33:19]} 24. Bh3
{[%clk 0:22:02]} Bxh3 {[%clk 0:31:11]} 25. Rxh3 {[%clk 0:22:26]} Rc4
{[%clk 0:26:39]} 26. h5 {[%clk 0:15:40]} Kg8 {[%clk 0:24:26]} 27. f4
{[%clk 0:12:59]} Rd8 {[%clk 0:21:11]} 28. hxg6 {[%clk 0:08:52]} fxg6
{[%clk 0:21:21]} 29. Reh2 {[%clk 0:08:31]} Re4 {[%clk 0:19:47]} 30. Rxh7
{[%clk 0:08:18]} Kf7 {[%clk 0:20:15]} 31. b3 {[%clk 0:04:34]} Rc8
{[%clk 0:18:05]} 32. Rd2 {[%clk 0:03:50]} d4 {[%clk 0:17:16]} 33. Rhh2
{[%clk 0:04:01]} Re3 {[%clk 0:13:34]} 34. Rde2 {[%clk 0:03:25]} Rf3
{[%clk 0:13:32]} 35. Rh1 {[%clk 0:02:13]} Ke6 {[%clk 0:13:52]} 36. Rf2
{[%clk 0:01:47]} Rg3 {[%clk 0:14:02]} 37. Rh7 {[%clk 0:00:56]} Rg8
{[%clk 0:14:23]} 38. Rf1 {[%clk 0:00:50]} Bf8 {[%clk 0:09:36]} 39. Rfh1
{[%clk 0:00:49]} Bg7 {[%clk 0:09:33]} 40. Nc5+ {[%clk 0:00:51]} Kd5
{[%clk 0:09:52]} 41. Nd7 {[%clk 0:00:44]} Rg2 {[%clk 0:09:41]} 42. Nf6+
{[%clk 0:24:53]} Bxf6 {[%clk 0:40:36]} 43. gxf6 {[%clk 0:22:23]} Rf2
{[%clk 0:40:37]} 44. Rg7 {[%clk 0:15:05]} Rc8 {[%clk 0:41:02]} 45. Rc1
{[%clk 0:14:40]} Rxf4 {[%clk 0:41:05]} 46. Re7 {[%clk 0:11:17]} Rf3
{[%clk 0:25:06]} 47. f7 {[%clk 0:10:25]} Rf8 {[%clk 0:24:35]} 48. e6
{[%clk 0:10:32]} Rh3 {[%clk 0:22:27]} 49. Re8 {[%clk 0:10:38]} Rhh8
{[%clk 0:22:54]} 50. Rxf8 {[%clk 0:10:30]} Rxf8 {[%clk 0:23:20]} 51. e7 1-0

[Event "WCO2014"]
[Site "Tromso"]
[Date "2014.08.12"]
[Round "10.16"]
[WhiteID "3101703"]
[White "Morales Santos Natasha"]
[BlackID "4700147"]
[Black "Gjergji Rozana"]
[Result "0-1"]
[LiveChessVersion "1.4.3"]
[BlackElo "1981"]
[WhiteElo "1726"]

1. d4 {[%clk 1:27:35]} Nf6 {[%clk 1:30:50]} 2. Nf3 {[%clk 1:27:56]} e6
{[%clk 1:31:05]} 3. e3 {[%clk 1:28:13]} b6 {[%clk 1:31:21]} 4. Bd3
{[%clk 1:28:29]} Bb7 {[%clk 1:31:39]} 5. O-O {[%clk 1:28:43]} d6 {[%clk 1:31:56]}
6. c4 {[%clk 1:28:56]} Nbd7 {[%clk 1:32:16]} 7. Nc3 {[%clk 1:29:09]} Be7
{[%clk 1:32:31]} 8. Re1 {[%clk 1:26:10]} c5 {[%clk 1:32:45]} 9. Ng5
{[%clk 1:16:43]} h6 {[%clk 1:24:12]} 10. Nge4 {[%clk 1:16:23]} Nxe4
{[%clk 1:24:13]} 11. Bxe4 {[%clk 1:15:31]} Bxe4 {[%clk 1:24:00]} 12. Nxe4
{[%clk 1:15:52]} Nf6 {[%clk 1:24:18]} 13. Qa4+ {[%clk 1:14:10]} Qd7
{[%clk 1:18:58]} 14. Qxd7+ {[%clk 1:10:16]} Nxd7 {[%clk 1:07:34]} 15. d5
{[%clk 1:06:06]} Ne5 {[%clk 1:03:52]} 16. b3 {[%clk 1:02:55]} exd5
{[%clk 0:56:05]} 17. cxd5 {[%clk 1:02:50]} Nd3 {[%clk 0:56:04]} 18. Rd1
{[%clk 1:02:01]} Nxc1 {[%clk 0:56:27]} 19. Raxc1 {[%clk 1:02:02]} b5
{[%clk 0:56:31]} 20. Ng3 {[%clk 0:55:05]} Kd7 {[%clk 0:54:27]} 21. e4
{[%clk 0:53:13]} Bf6 {[%clk 0:52:19]} 22. Re1 {[%clk 0:49:30]} Rhe8
{[%clk 0:44:06]} 23. Nf5 {[%clk 0:42:45]} g6 {[%clk 0:42:40]} 24. Ng3
{[%clk 0:39:31]} Bg5 {[%clk 0:38:45]} 25. Rc2 {[%clk 0:36:30]} Re5
{[%clk 0:35:55]} 26. Rce2 {[%clk 0:34:20]} Rae8 {[%clk 0:34:03]} 27. Rf1
{[%clk 0:33:00]} Bf4 {[%clk 0:32:37]} 28. Rfe1 {[%clk 0:29:50]} f5
{[%clk 0:19:07]} 29. f3 {[%clk 0:19:47]} Bxg3 {[%clk 0:18:39]} 30. hxg3 fxe4 31.
fxe4 {[%clk 0:19:26]} Rg5 {[%clk 0:19:22]} 32. a4 {[%clk 0:11:53]} Rxg3
{[%clk 0:18:32]} 33. axb5 Rxb3 {[%clk 0:18:36]} 34. Ra1 {[%clk 0:11:40]} Ra8
{[%clk 0:18:10]} 35. Rf2 {[%clk 0:04:10]} Kc7 {[%clk 0:15:21]} 36. Ra6
{[%clk 0:03:17]} Rd8 {[%clk 0:15:29]} 37. Rf7+ {[%clk 0:02:50]} Kc8
{[%clk 0:13:57]} 38. Ra5 {[%clk 0:02:13]} Rd7 {[%clk 0:13:14]} 39. Rxa7
{[%clk 0:01:05]} Rxa7 {[%clk 0:13:30]} 40. Rxa7 {[%clk 0:01:27]} Rxb5
{[%clk 0:13:59]} 41. Re7 {[%clk 0:00:34]} c4 {[%clk 0:13:03]} 42. Kf2
{[%clk 0:26:52]} Rb2+ {[%clk 0:42:48]} 43. Ke1 {[%clk 0:25:34]} Rxg2
{[%clk 0:43:02]} 44. e5 {[%clk 0:24:21]} dxe5 {[%clk 0:42:48]} 45. Rxe5
{[%clk 0:24:30]} Kd7 {[%clk 0:42:47]} 46. Re4 {[%clk 0:23:34]} c3
{[%clk 0:43:09]} 47. Kd1 {[%clk 0:23:17]} c2+ {[%clk 0:41:50]} 48. Kc1
{[%clk 0:23:40]} Kd6 {[%clk 0:42:17]} 49. Rd4 {[%clk 0:22:27]} g5
{[%clk 0:42:30]} 50. Kb2 {[%clk 0:22:11]} h5 {[%clk 0:42:47]} 51. Kc1
{[%clk 0:20:33]} h4 {[%clk 0:43:07]} 52. Ra4 {[%clk 0:15:50]} h3 {[%clk 0:43:27]}
53. Ra6+ {[%clk 0:15:59]} Kxd5 {[%clk 0:43:49]} 54. Rh6 {[%clk 0:16:00]} h2
{[%clk 0:44:15]} 55. Kb2 {[%clk 0:15:55]} c1=Q+ {[%clk 0:44:16]} 0-1

[Event "WCO2014"]
[Site "Tromso"]
[Date "2014.08.12"]
[Round "10.15"]
[WhiteID "4700562"]
[White "Shabanaj Eglantina"]
[BlackID "3101851"]
[Black "Vega Jimenez Keyshla M."]
[Result "0-1"]
[LiveChessVersion "1.4.3"]
[BlackElo "1664"]
[WhiteElo "2033"]

1. e4 {[%clk 1:30:59]} c5 {[%clk 1:30:51]} 2. Nf3 {[%clk 1:31:11]} d6
{[%clk 1:30:57]} 3. h3 {[%clk 1:31:28]} Nf6 {[%clk 1:31:18]} 4. Bd3
{[%clk 1:31:42]} Nc6 {[%clk 1:31:29]} 5. c3 {[%clk 1:32:07]} g6 {[%clk 1:30:16]}
6. Bc2 {[%clk 1:32:17]} Bg7 {[%clk 1:30:12]} 7. O-O {[%clk 1:32:17]} O-O
{[%clk 1:30:05]} 8. d4 {[%clk 1:31:41]} cxd4 {[%clk 1:29:49]} 9. Nxd4
{[%clk 1:23:09]} Nd7 {[%clk 1:24:59]} 10. a3 {[%clk 1:22:03]} a6 {[%clk 1:21:37]}
11. Kh1 {[%clk 1:21:31]} Nc5 {[%clk 1:18:49]} 12. b4 {[%clk 1:19:05]} Ne6
{[%clk 1:18:24]} 13. Be3 {[%clk 1:15:33]} Qc7 {[%clk 1:16:53]} 14. Ra2
{[%clk 1:13:40]} Ne5 {[%clk 1:14:47]} 15. f4 {[%clk 1:12:45]} Nc4
{[%clk 1:14:28]} 16. Bg1 {[%clk 1:13:06]} Nxf4 {[%clk 1:05:20]} 17. Rxf4
{[%clk 1:07:16]} e5 {[%clk 1:05:37]} 18. Rf3 {[%clk 1:06:46]} exd4
{[%clk 1:05:57]} 19. cxd4 {[%clk 1:06:19]} Be6 {[%clk 1:04:22]} 20. Bb3
{[%clk 1:06:06]} Nb6 {[%clk 0:59:38]} 21. d5 {[%clk 1:05:06]} Bd7
{[%clk 0:59:48]} 22. a4 {[%clk 1:03:04]} Bc8 {[%clk 0:46:09]} 23. Rc2
{[%clk 0:58:09]} Qd8 {[%clk 0:46:27]} 24. a5 {[%clk 0:58:13]} Nd7
{[%clk 0:46:46]} 25. Nd2 {[%clk 0:57:39]} Ne5 {[%clk 0:46:28]} 26. Rfc3
{[%clk 0:56:16]} Qh4 {[%clk 0:44:12]} 27. Qe2 {[%clk 0:41:38]} g5
{[%clk 0:34:27]} 28. Bf2 {[%clk 0:38:26]} Qh6 {[%clk 0:34:19]} 29. Kg1
{[%clk 0:33:44]} Ng6 {[%clk 0:31:37]} 30. Rc7 {[%clk 0:28:34]} Nf4
{[%clk 0:30:30]} 31. Qf3 {[%clk 0:27:27]} f5 {[%clk 0:26:15]} 32. h4
{[%clk 0:20:59]} fxe4 {[%clk 0:25:34]} 33. hxg5 {[%clk 0:19:36]} exf3
{[%clk 0:17:40]} 34. gxh6 {[%clk 0:19:51]} Bxh6 {[%clk 0:17:37]} 35. Nxf3
{[%clk 0:19:25]} Bf5 {[%clk 0:16:37]} 36. R2c4 {[%clk 0:18:24]} Bd3
{[%clk 0:16:33]} 37. Bc2 {[%clk 0:18:40]} Ne2+ {[%clk 0:13:13]} 38. Kh1
{[%clk 0:16:39]} Bxc4 {[%clk 0:13:20]} 39. Rxc4 {[%clk 0:15:04]} Rac8
{[%clk 0:12:44]} 40. Rg4+ {[%clk 0:15:02]} Kh8 {[%clk 0:12:18]} 41. Bd3
{[%clk 0:15:05]} Rc1+ {[%clk 0:12:13]} 42. Kh2 {[%clk 0:15:30]} Rf4
{[%clk 0:04:57]} 43. Be3 {[%clk 0:06:48]} Rxg4 {[%clk 0:03:44]} 44. Bxh6
{[%clk 0:07:16]} Rc3 {[%clk 0:03:32]} 45. Bxe2 {[%clk 0:04:06]} Rxf3
{[%clk 0:03:50]} 46. Bxf3 {[%clk 0:01:45]} Rh4+ {[%clk 0:04:13]} 47. Kg3
{[%clk 0:30:59]} Rxh6 {[%clk 0:35:08]} 48. Kf4 {[%clk 0:31:05]} Kg7
{[%clk 0:35:11]} 49. g4 {[%clk 0:30:19]} Rh2 {[%clk 0:35:11]} 50. g5
{[%clk 0:28:34]} h6 {[%clk 0:34:32]} 51. gxh6+ {[%clk 0:28:11]} Rxh6
{[%clk 0:34:44]} 52. Bg4 {[%clk 0:28:13]} Kf6 {[%clk 0:34:05]} 53. Ke3
{[%clk 0:27:26]} Rh4 {[%clk 0:33:07]} 54. Kf4 {[%clk 0:27:36]} Rxg4+
{[%clk 0:32:22]} 55. Kxg4 {[%clk 0:27:46]} Ke5 {[%clk 0:32:47]} 56. Kg5
{[%clk 0:24:16]} Kxd5 {[%clk 0:33:07]} 0-1

[Event "WCO2014"]
[Site "Tromso"]
[Date "2014.08.12"]
[Round "10.14"]
[WhiteID "3101576"]
[White "Comas Colon Rinelly M."]
[BlackID "4701100"]
[Black "Tuzi Bruna"]
[Result "0-1"]
[LiveChessVersion "1.4.3"]
[BlackElo "1759"]
[WhiteElo "1762"]

1. c4 {[%clk 1:30:57]} c5 {[%clk 1:30:50]} 2. g3 {[%clk 1:31:21]} g6
{[%clk 1:31:15]} 3. Bg2 {[%clk 1:31:46]} Bg7 {[%clk 1:31:39]} 4. Nc3
{[%clk 1:31:46]} Nc6 {[%clk 1:31:54]} 5. d3 {[%clk 1:31:47]} e6 {[%clk 1:32:04]}
6. e4 {[%clk 1:31:58]} Nge7 {[%clk 1:32:02]} 7. Nge2 {[%clk 1:32:20]} O-O
{[%clk 1:32:12]} 8. O-O {[%clk 1:32:28]} d6 {[%clk 1:29:55]} 9. Rb1
{[%clk 1:31:47]} Nd4 {[%clk 1:28:46]} 10. Be3 {[%clk 1:29:54]} Nec6
{[%clk 1:28:51]} 11. Qd2 {[%clk 1:29:00]} a6 {[%clk 1:24:48]} 12. Bh6
{[%clk 1:27:06]} Rb8 {[%clk 1:23:38]} 13. Bxg7 {[%clk 1:27:00]} Kxg7
{[%clk 1:24:01]} 14. f4 {[%clk 1:23:28]} b5 {[%clk 1:22:25]} 15. Nxd4
{[%clk 1:20:00]} Nxd4 {[%clk 1:18:53]} 16. Ne2 {[%clk 1:19:44]} e5
{[%clk 1:17:18]} 17. Nxd4 {[%clk 1:18:40]} cxd4 {[%clk 1:17:23]} 18. f5
{[%clk 1:17:50]} f6 {[%clk 1:17:37]} 19. b3 {[%clk 1:11:55]} bxc4
{[%clk 1:17:37]} 20. dxc4 {[%clk 1:10:38]} g5 {[%clk 1:17:28]} 21. g4
{[%clk 1:09:50]} Bd7 {[%clk 1:16:49]} 22. Kf2 {[%clk 1:07:46]} a5
{[%clk 1:15:22]} 23. h4 {[%clk 1:07:09]} h6 {[%clk 1:15:28]} 24. hxg5
{[%clk 1:06:38]} hxg5 {[%clk 1:15:54]} 25. Rh1 {[%clk 1:06:57]} Qb6
{[%clk 1:15:48]} 26. a3 {[%clk 1:03:25]} Qc5 {[%clk 1:15:52]} 27. a4
{[%clk 0:59:52]} Qb4 {[%clk 1:05:48]} 28. Qd3 {[%clk 0:58:42]} Qa3
{[%clk 1:04:41]} 29. Ke2 {[%clk 0:56:14]} Qa2+ {[%clk 1:01:19]} 30. Qd2
{[%clk 0:52:51]} Qxd2+ {[%clk 1:01:14]} 31. Kxd2 {[%clk 0:53:15]} Be8
{[%clk 1:01:34]} 32. Kc2 {[%clk 0:52:28]} Bf7 {[%clk 1:01:41]} 33. Bf3
{[%clk 0:50:01]} Rb4 {[%clk 0:59:53]} 34. Be2 {[%clk 0:48:22]} Rbb8
{[%clk 0:58:51]} 35. Bf3 {[%clk 0:47:43]} Rfc8 {[%clk 0:59:13]} 36. Kd2
{[%clk 0:44:42]} Rb4 {[%clk 0:58:50]} 37. Be2 {[%clk 0:42:40]} Rcb8
{[%clk 0:55:11]} 38. Kc2 {[%clk 0:41:15]} Bg8 {[%clk 0:55:14]} 39. Bd3
{[%clk 0:37:13]} Rc8 {[%clk 0:43:21]} 40. Kd2 {[%clk 0:37:17]} Rbb8
{[%clk 0:42:42]} 41. Be2 {[%clk 0:35:34]} Bf7 {[%clk 0:42:57]} 42. Bf3
{[%clk 0:34:46]} Rh8 {[%clk 0:28:23]} 43. Kc2 {[%clk 0:29:07]} Rh4
{[%clk 0:23:59]} 44. Rxh4 {[%clk 0:28:27]} gxh4 {[%clk 0:24:24]} 45. Rh1
{[%clk 0:28:51]} Rh8 {[%clk 0:24:49]} 46. Rh3 {[%clk 0:27:55]} Kf8
{[%clk 0:25:10]} 47. Be2 {[%clk 0:25:14]} Ke7 {[%clk 0:25:20]} 48. b4
{[%clk 0:17:31]} Kd7 {[%clk 0:24:21]} 49. Kb3 {[%clk 0:16:11]} Kc6
{[%clk 0:24:23]} 50. Bf1 {[%clk 0:09:59]} axb4 {[%clk 0:24:27]} 51. Kxb4
{[%clk 0:02:49]} Rb8+ {[%clk 0:23:10]} 52. Ka3 {[%clk 0:02:21]} Kc5
{[%clk 0:22:47]} 53. Rxh4 {[%clk 0:21:51]} Bxc4 {[%clk 0:53:38]} 54. Bxc4
{[%clk 0:18:01]} Kxc4 {[%clk 0:54:03]} 55. Rh6 {[%clk 0:17:41]} d3
{[%clk 0:53:07]} 56. g5 {[%clk 0:15:51]} d2 {[%clk 0:53:09]} 57. Rh1
{[%clk 0:16:07]} fxg5 {[%clk 0:53:10]} 58. f6 {[%clk 0:16:05]} Kc3
{[%clk 0:52:43]} 59. f7 {[%clk 0:14:59]} Rf8 {[%clk 0:53:00]} 0-1

[Event "WCO2014"]
[Site "Tromso"]
[Date "2014.08.12"]
[Round "10.13"]
[WhiteID "4700783"]
[White "Kerciku Suzana"]
[BlackID "3101177"]
[Black "Rivera Negron Yanira"]
[Result "0-1"]
[LiveChessVersion "1.4.3"]
[BlackElo "1603"]
[WhiteElo "1519"]

1. e4 {[%clk 1:30:57]} e6 {[%clk 1:30:55]} 2. d4 {[%clk 1:31:24]} d5
{[%clk 1:31:22]} 3. e5 {[%clk 1:31:48]} b6 {[%clk 1:31:41]} 4. Nf3
{[%clk 1:31:36]} Ba6 {[%clk 1:31:52]} 5. Bd3 {[%clk 1:27:30]} Bxd3
{[%clk 1:31:26]} 6. Qxd3 {[%clk 1:27:54]} c5 {[%clk 1:30:58]} 7. c3
{[%clk 1:27:02]} Nc6 {[%clk 1:30:07]} 8. a3 {[%clk 1:25:21]} h5 {[%clk 1:24:11]}
9. Be3 {[%clk 1:19:36]} cxd4 {[%clk 1:20:40]} 10. cxd4 {[%clk 1:19:07]} Nh6
{[%clk 1:17:51]} 11. O-O {[%clk 1:14:50]} Nf5 {[%clk 1:14:22]} 12. Nc3
{[%clk 1:09:08]} Qd7 {[%clk 1:08:07]} 13. Rac1 {[%clk 1:07:07]} g6
{[%clk 0:57:51]} 14. Bg5 {[%clk 0:57:00]} Be7 {[%clk 0:46:49]} 15. Bxe7
{[%clk 0:55:08]} Nfxe7 {[%clk 0:42:42]} 16. Nb5 {[%clk 0:48:53]} Nf5
{[%clk 0:33:19]} 17. Rc2 {[%clk 0:40:15]} O-O {[%clk 0:26:42]} 18. Rfc1
{[%clk 0:37:38]} Rfc8 {[%clk 0:25:24]} 19. Nc3 {[%clk 0:22:56]} Na5
{[%clk 0:19:23]} 20. Nd2 {[%clk 0:18:47]} Nc4 {[%clk 0:16:10]} 21. Nce4
{[%clk 0:13:16]} dxe4 {[%clk 0:09:42]} 22. Nxe4 {[%clk 0:13:41]} Qxd4
{[%clk 0:09:30]} 23. Nf6+ {[%clk 0:08:33]} Kg7 {[%clk 0:08:00]} 24. Qe2
{[%clk 0:03:17]} Qxe5 {[%clk 0:05:05]} 25. Qxe5 {[%clk 0:02:21]} Nxe5
{[%clk 0:05:30]} 26. Rxc8 {[%clk 0:02:31]} Rxc8 {[%clk 0:05:57]} 27. Nxh5+
{[%clk 0:02:31]} gxh5 {[%clk 0:06:00]} 28. Rxc8 {[%clk 0:02:58]} Nd6
{[%clk 0:03:19]} 29. Rc7 {[%clk 0:01:57]} a5 {[%clk 0:02:32]} 30. b4
{[%clk 0:01:57]} axb4 {[%clk 0:02:39]} 31. axb4 {[%clk 0:02:20]} b5
{[%clk 0:02:17]} 32. Kf1 {[%clk 0:02:17]} Kf6 {[%clk 0:01:37]} 33. Ke2
{[%clk 0:02:26]} Nec4 {[%clk 0:00:46]} 34. Rc5 {[%clk 0:02:20]} Ne5
{[%clk 0:00:42]} 35. g3 {[%clk 0:02:17]} Nf5 {[%clk 0:00:35]} 36. f4
{[%clk 0:01:33]} Nd7 {[%clk 0:00:43]} 37. Rc7 {[%clk 0:01:26]} Nb6
{[%clk 0:00:53]} 38. Rb7 {[%clk 0:01:14]} Nd5 {[%clk 0:01:00]} 39. Kf2
{[%clk 0:01:13]} Nd4 {[%clk 0:00:46]} 40. Rd7 {[%clk 0:01:14]} Nc2
{[%clk 0:00:43]} 41. Rb7 {[%clk 0:01:21]} Ncxb4 {[%clk 0:23:33]} 42. Rxb5
{[%clk 0:32:36]} Nc6 {[%clk 0:21:55]} 43. Rc5 {[%clk 0:31:16]} Nce7
{[%clk 0:21:16]} 44. Kf3 {[%clk 0:31:09]} Nf5 {[%clk 0:20:04]} 45. h3
{[%clk 0:28:13]} Nd4+ {[%clk 0:19:21]} 46. Kf2 {[%clk 0:27:44]} Kf5
{[%clk 0:17:16]} 47. Rc8 {[%clk 0:26:36]} Nf6 {[%clk 0:16:07]} 48. Ke3
{[%clk 0:25:56]} Nb3 {[%clk 0:15:48]} 49. Rf8 {[%clk 0:25:41]} Kg6
{[%clk 0:15:09]} 50. Kf3 {[%clk 0:21:12]} Nd4+ {[%clk 0:14:39]} 51. Ke3
{[%clk 0:20:36]} Nf5+ {[%clk 0:17:15]} 52. Kf3 {[%clk 0:20:59]} Nd6
{[%clk 0:17:30]} 53. Rd8 {[%clk 0:20:56]} Nf5 {[%clk 0:16:39]} 54. g4
{[%clk 0:20:40]} hxg4+ {[%clk 0:16:42]} 55. hxg4 {[%clk 0:21:04]} Ne7
{[%clk 0:16:27]} 56. Ra8 {[%clk 0:17:58]} Ned5 {[%clk 0:15:44]} 57. g5
{[%clk 0:17:00]} Nh5 {[%clk 0:15:08]} 58. Rg8+ {[%clk 0:16:42]} Kh7
{[%clk 0:15:19]} 59. Rf8 {[%clk 0:15:52]} Kg7 {[%clk 0:15:41]} 60. Ra8
{[%clk 0:14:44]} Nhxf4 {[%clk 0:15:47]} 61. Kg4 {[%clk 0:14:11]} Nd3
{[%clk 0:15:46]} 62. Rd8 {[%clk 0:12:55]} Ne5+ {[%clk 0:15:58]} 63. Kh4
{[%clk 0:12:32]} Ne7 {[%clk 0:12:04]} 64. Ra8 {[%clk 0:11:21]} Kg6
{[%clk 0:11:39]} 65. Ra5 {[%clk 0:10:49]} Nf5+ {[%clk 0:10:25]} 66. Kh3
{[%clk 0:11:11]} Nf3 {[%clk 0:10:44]} 67. Kg4 {[%clk 0:09:48]} Nxg5
{[%clk 0:11:07]} 68. Ra8 {[%clk 0:09:22]} Ng7 {[%clk 0:11:24]} 69. Ra5
{[%clk 0:09:22]} f5+ {[%clk 0:11:35]} 70. Kh4 {[%clk 0:09:20]} Ne4
{[%clk 0:11:15]} 71. Rb5 {[%clk 0:08:17]} Kf6 {[%clk 0:11:28]} 72. Kh3
{[%clk 0:08:28]} e5 {[%clk 0:11:48]} 73. Kg2 {[%clk 0:08:29]} f4 {[%clk 0:11:55]}
74. Kf3 {[%clk 0:08:24]} Kf5 {[%clk 0:11:30]} 75. Rb4 {[%clk 0:08:19]} Ng5+
{[%clk 0:11:29]} 76. Kf2 {[%clk 0:08:27]} e4 {[%clk 0:11:45]} 77. Rb3
{[%clk 0:08:33]} N7e6 {[%clk 0:11:49]} 78. Ra3 {[%clk 0:08:39]} Kg4
{[%clk 0:11:58]} 79. Rc3 {[%clk 0:08:04]} Nh3+ {[%clk 0:12:01]} 80. Kg2
{[%clk 0:07:54]} f3+ {[%clk 0:12:01]} 81. Kf1 {[%clk 0:08:10]} Kf4
{[%clk 0:11:58]} 0-1